Obama : (Record no. 6821)

MARC details
000 -LEADER
fixed length control field 00959nam a22002537a 4500
001 - CONTROL NUMBER
control field 6821
003 - CONTROL NUMBER IDENTIFIER
control field FISKH
005 - DATE AND TIME OF LATEST TRANSACTION
control field 20250529142046.0
008 - FIXED-LENGTH DATA ELEMENTS--GENERAL INFORMATION
fixed length control field 250529b cb ||||| |||| 00| 0 eng d
020 ## - INTERNATIONAL STANDARD BOOK NUMBER
International Standard Book Number 9780061736667
040 ## - CATALOGING SOURCE
Original cataloging agency FISKH
Language of cataloging eng
Transcribing agency FISKH
Modifying agency FISKH
050 ## - LIBRARY OF CONGRESS CALL NUMBER
Classification number E901.O23 M46
082 ## - DEWEY DECIMAL CLASSIFICATION NUMBER
Classification number 328.73092
100 ## - MAIN ENTRY--PERSONAL NAME
Personal name Mendell, David
245 ## - TITLE STATEMENT
Title Obama :
Remainder of title From promise to power /
Statement of responsibility, etc. By David Mendell
250 ## - EDITION STATEMENT
Edition statement First Harper mass market printing : October 2008
260 ## - PUBLICATION, DISTRIBUTION, ETC.
Place of publication, distribution, etc. New York :
Name of publisher, distributor, etc. Harper Collins Publisher ,
Date of publication, distribution, etc. 2007.
300 ## - PHYSICAL DESCRIPTION
Extent 406 pages :
Other physical details illustrations ;
Dimensions 18 cm .
520 ## - SUMMARY, ETC.
Summary, etc. A journalist who has covered the senator and presidential candidate since his campaign for the Senate offers a portrait that features his childhood and youth in Hawaii and his embrace of seemingly ruthless campaign tactics.
650 ## - SUBJECT ADDED ENTRY--TOPICAL TERM
Topical term or geographic name entry element American politics
Form subdivision Non-fiction
650 ## - SUBJECT ADDED ENTRY--TOPICAL TERM
Topical term or geographic name entry element Barack Obama
Form subdivision Non-fiction
942 ## - ADDED ENTRY ELEMENTS (KOHA)
Source of classification or shelving scheme Dewey Decimal Classification
Koha item type Books
Suppress in OPAC No
Holdings
Withdrawn status Lost status Source of classification or shelving scheme Damaged status Not for loan Collection Home library Current library Shelving location Date acquired Total Checkouts Full call number Barcode Date last seen Date last checked out Price effective from Koha item type
    Dewey Decimal Classification     Non-Fiction Footprints International School Library Network Toul Tom Poung Campus Footprints International School Library Network Toul Kork Campus TTP Secondary Non-Fiction Bookshelves 05/29/2025 1 MEN 328.73092 E901.O23 M46 2025-1439 10/13/2025 10/09/2025 05/29/2025 Books